[Event "AGAG   III"]
[Site "SchemingMind.com"]
[Date "2020.02.29"]
[Round "-"]
[White "Steven DuCharme"]
[Black "Geoffrey Rosser"]
[Result "0-1"]
[WhiteCountry "USA"]
[BlackCountry "ENG"]
[WhiteElo "1591"]
[WhiteRD "56"]
[BlackElo "1967"]
[BlackRD "63"]
[GameID "451774"]

1. b3 e5 2. Bb2 Nc6 3. g3 d5 4. Bg2 Nf6 5. h3 e4 6. e3 Bd6 7. Ne2 O-O 8. O-O Be5 9. Bxe5 Nxe5 10. d4 Nc6
11. f4 Ne7 12. Nd2 Nf5 13. Qe1 Nxe3 14. Qc1 Nxf1 15. Nxf1 c5 16. c3 b6 17. Ne3 Ba6 18. Kf2 Rc8 19. Qb2 Bxe2 20. Kxe2 Qc7
21. a4 cxd4 22. cxd4 Qc3 23. Qxc3 Rxc3 24. Rb1 Rfc8 25. Rb2 Rd3
0-1

[Event "AGAG   III"]
[Site "SchemingMind.com"]
[Date "2020.02.28"]
[Round "-"]
[White "Geoffrey Rosser"]
[Black "Steven DuCharme"]
[Result "1-0"]
[WhiteCountry "ENG"]
[BlackCountry "USA"]
[WhiteElo "1949"]
[WhiteRD "61"]
[BlackElo "1576"]
[BlackRD "56"]
[GameID "451775"]

1. b3 b6 2. Bb2 Bb7 3. Nf3 Nf6 4. e3 e6 5. Be2 Be7 6. O-O O-O 7. c4 a5 8. Na3 c6 9. Nc2 Na6 10. d4 Nb4
11. Nxb4 axb4 12. Qc2 c5 13. Ng5 h6 14. Bf3 Bxf3 15. Nxf3 d6 16. a3 Ra7 17. axb4 Rxa1 18. Rxa1 Qc7 19. bxc5 bxc5 20. dxc5 dxc5
21. Be5 Qb7 22. Nd2 Ra8 23. Rxa8+ Qxa8 24. Qb2 Qd8 25. h3 Qd3 26. Qc3 Qxc3 27. Bxc3 g6 28. f3 Nd7 29. Kf2 f5 30. e4 Kf7
31. Ke3 Nb6 32. exf5 exf5 33. g4 fxg4 34. hxg4 g5 35. Ne4 Nd7 36. Ng3 Bf8 37. Ke4 Nb6 38. Ba5 Nd7 39. Kd5 Nf6+ 40. Kc6 Ke6
41. Bb6
1-0

[Event "AGAG   III"]
[Site "SchemingMind.com"]
[Date "2020.02.29"]
[Round "-"]
[White "Steven DuCharme"]
[Black "Phillip Beckett"]
[Result "1-0"]
[WhiteCountry "USA"]
[BlackCountry "ENG"]
[WhiteElo "1591"]
[WhiteRD "56"]
[BlackElo "1517"]
[BlackRD "50"]
[GameID "451776"]

1. b3 b6 2. Bb2 Bb7 3. Nf3 e6 4. e3 f5 5. Be2 Nf6 6. O-O Be7 7. d3 O-O 8. Nbd2 d6 9. a4 Nbd7 10. Ng5 Nc5
11. b4 h6 12. bxc5 bxc5 13. Nxe6 Qd7 14. Nxf8 Rxf8 15. Bf3 Bc6 16. c4 Bxf3 17. Qxf3 c6 18. a5 Rb8 19. Rfb1 g5 20. Bxf6 Bxf6
21. Rxb8+ Kh7 22. Rab1
1-0

[Event "AGAG   III"]
[Site "SchemingMind.com"]
[Date "2020.02.28"]
[Round "-"]
[White "Phillip Beckett"]
[Black "Steven DuCharme"]
[Result "0-1"]
[WhiteCountry "ENG"]
[BlackCountry "USA"]
[WhiteElo "1517"]
[WhiteRD "50"]
[BlackElo "1591"]
[BlackRD "56"]
[GameID "451777"]

1. b3 Nf6 2. Bb2 e6 3. e3 Be7 4. f4 O-O 5. Nf3 b6 6. Be2 Bb7 7. O-O d6 8. d3 Ng4 9. Qd2 Bf6 10. Bxf6 Qxf6
11. Nc3 Nxe3 12. Qxe3 Qxc3 13. Nd4 Qc5 14. f5 e5
0-1

[Event "AGAG   III"]
[Site "SchemingMind.com"]
[Date "2020.02.29"]
[Round "-"]
[White "Steven DuCharme"]
[Black "pmdpsp"]
[Result "0-1"]
[WhiteCountry "USA"]
[BlackCountry "GER"]
[WhiteElo "1591"]
[WhiteRD "56"]
[BlackElo "1790"]
[BlackRD "78"]
[GameID "451778"]

1. b3 e5 2. Bb2 Nc6 3. g3 d5 4. Bg2 Be6 5. Nf3 Bd6 6. O-O Nf6 7. d3 O-O 8. Nbd2 Re8 9. Ng5 Bg4 10. h3 Bh5
11. Ngf3 e4 12. dxe4 dxe4 13. Nh2 e3 14. Nc4 exf2+ 15. Rxf2 Bc5 16. Qxd8 Raxd8 17. e3 Ne4 18. Bxe4 Rxe4 19. g4 Bg6 20. Kg2 b5
0-1

[Event "AGAG   III"]
[Site "SchemingMind.com"]
[Date "2020.02.28"]
[Round "-"]
[White "pmdpsp"]
[Black "Steven DuCharme"]
[Result "0-1"]
[WhiteCountry "GER"]
[BlackCountry "USA"]
[WhiteElo "1790"]
[WhiteRD "78"]
[BlackElo "1591"]
[BlackRD "56"]
[GameID "451779"]

1. b3 e5 2. Bb2 Nc6 3. e3 a6 4. Nf3 d6 5. d4 exd4 6. Nxd4 Bd7 7. Bc4 Ne5 8. Bd5 c6 9. Be4 Nf6 10. Bd3 Nxd3+
11. Qxd3 Be7 12. Nd2 O-O 13. O-O-O c5 14. Ne2 Bc6 15. h4 b5 16. Nf4 Re8 17. f3 d5 18. g4 c4 19. bxc4 dxc4 20. Qe2 Qb6
21. Bc3 b4 22. Bd4 Qa5 23. Nxc4 Qxa2 24. Kd2 Bb5 25. e4 Bxc4 26. Qe3 b3 27. Rc1 Bb4+ 28. Kd1 bxc2+ 29. Rxc2 Bb3 30. Qc1 Rac8
31. Rh2 Ba3 32. Qd2 Qb1+ 33. Ke2 Rxc2 34. Qxc2 Qxc2+ 35. Kf1 Qxh2
0-1

[Event "AGAG   III"]
[Site "SchemingMind.com"]
[Date "2020.02.29"]
[Round "-"]
[White "Steven DuCharme"]
[Black "JAHI"]
[Result "0-1"]
[WhiteCountry "USA"]
[BlackCountry "INT"]
[WhiteElo "1569"]
[WhiteRD "54"]
[BlackElo "1992"]
[BlackRD "69"]
[GameID "451782"]

1. b3 e6 2. Bb2 a6 3. g3 a5 4. a4 Na6 5. Bg2 d6 6. Nf3 Bd7 7. O-O h6 8. Na3 h5 9. d4 h4 10. e4 h3
11. Bh1 Be7 12. Nc4 b6 13. e5 d5 14. Ne3 c6 15. c4 Qc7 16. cxd5 exd5 17. Qe2 Nh6 18. Rac1 Qb7 19. Rc2 Nf5 20. Rfc1 Nb4
21. Rd2 Nxe3 22. Qxe3 Kf8 23. Ng5 Re8 24. Qf4 Bxg5 25. Qxg5 Rh6 26. f4 f6 27. exf6 Rxf6 28. Ba3 Bc8 29. Bxb4+ axb4 30. Kf2 Qe7
31. Qe5 Qf7 32. Qg5 Rf5 33. Qh4 Rh5
0-1

[Event "AGAG   III"]
[Site "SchemingMind.com"]
[Date "2020.02.28"]
[Round "-"]
[White "JAHI"]
[Black "Steven DuCharme"]
[Result "1-0"]
[WhiteCountry "INT"]
[BlackCountry "USA"]
[WhiteElo "1914"]
[WhiteRD "68"]
[BlackElo "1591"]
[BlackRD "56"]
[GameID "451783"]

1. b3 d5 2. e3 e5 3. Bb2 d4 4. a3 dxe3 5. dxe3 Qxd1+ 6. Kxd1 f6 7. a4 a6 8. Bd3 Be6 9. Ne2 Nd7 10. Na3 Nc5
11. Bc4 Bxc4 12. Nxc4 Bd6 13. Nxd6+ cxd6 14. Kc1 Ne7 15. Rd1 O-O-O 16. a5 d5 17. Ba3 Ne6 18. Bxe7
1-0

[Event "AGAG   III"]
[Site "SchemingMind.com"]
[Date "2020.02.29"]
[Round "-"]
[White "Steven DuCharme"]
[Black "Raymond de Kemp"]
[Result "0-1"]
[WhiteCountry "USA"]
[BlackCountry "NED"]
[WhiteElo "1569"]
[WhiteRD "54"]
[BlackElo "1871"]
[BlackRD "66"]
[GameID "451784"]

1. b3 e5 2. g3 Nc6 3. Bg2 d5 4. Bb2 Nf6 5. Nf3 e4 6. Ne5 Qd6 7. Nxc6 Qxc6 8. O-O Bc5 9. e3 Bg4 10. f3 exf3
11. Bxf3 Bh3 12. Re1 h5 13. d4 Bd6 14. Nd2 O-O-O 15. c4 Qd7 16. c5 Be7 17. a4 h4 18. b4 hxg3 19. hxg3 Bg4 20. b5 Bxf3
21. Qxf3 Qh3 22. Qg2 Qg4 23. Nf1 Ne4 24. a5 Ng5 25. Nh2 Nh3+ 26. Kh1 Qg6 27. c6 Rd6 28. cxb7+ Kxb7 29. Ba3 Nf2+ 30. Qxf2 Qe4+
31. Kg1 Rf6 32. a6+ Kc8 33. Qxf6 Bxf6 34. Bc5 Rh6 35. Ra2 Rg6 36. Rg2 Bh4 37. Bxa7 Bxg3 38. Ree2 Bxh2+ 39. Kxh2 Rh6+ 40. Kg1 g5
41. b6 Qb1+ 42. Kf2 Rf6+ 43. Kg3 cxb6 44. Rc2+ Kd7 45. Bb8 Qe1+ 46. Kg4 Qh4#
0-1

[Event "AGAG   III"]
[Site "SchemingMind.com"]
[Date "2020.02.28"]
[Round "-"]
[White "Raymond de Kemp"]
[Black "Steven DuCharme"]
[Result "1-0"]
[WhiteCountry "NED"]
[BlackCountry "USA"]
[WhiteElo "1855"]
[WhiteRD "68"]
[BlackElo "1576"]
[BlackRD "56"]
[GameID "451785"]

1. b3 e5 2. Bb2 d6 3. g3 Nf6 4. d3 Be7 5. Bg2 O-O 6. h3 c6 7. Nf3 a5 8. Nc3 b5 9. a3 Bb7 10. h4 Na6
11. h5 b4 12. Nb1 e4 13. dxe4 Nxe4 14. Qd4 Bf6 15. Qxe4 Bxb2 16. Ra2 bxa3 17. Nxa3 Bxa3 18. Rxa3 Re8 19. Qc4 d5 20. Qd3 Qd6
21. Ra1 Nc5 22. Qc3 Ne4 23. Qb2 Qb4+ 24. Kf1 Nd2+ 25. Nxd2 Qxd2 26. Bf3 Ba6 27. Re1 Re7 28. h6 gxh6 29. Rh4 d4 30. Rxd4
1-0

[Event "AGAG   III"]
[Site "SchemingMind.com"]
[Date "2020.02.28"]
[Round "-"]
[White "Steven DuCharme"]
[Black "splinter"]
[Result "0-1"]
[WhiteCountry "USA"]
[BlackCountry "CAN"]
[WhiteElo "1569"]
[WhiteRD "54"]
[BlackElo "1846"]
[BlackRD "71"]
[GameID "451786"]

1. b3 d5 2. Bb2 Nc6 3. g3 Nf6 4. Bg2 e5 5. e3 Bf5 6. Ne2 Qd7 7. O-O Bc5 8. d4 exd4 9. Nxd4 Bxd4 10. Bxd4 Nxd4
11. Qxd4 Bxc2 12. Na3 Bg6 13. Rfd1 O-O 14. Nc4 c6 15. Ne5 Qe6 16. Nxg6 hxg6 17. h3 Nh7 18. f4 f5 19. Kf2 g5 20. a4 b6
21. b4 gxf4 22. gxf4 Nf6 23. a5 b5 24. a6 Ne4+ 25. Bxe4 fxe4 26. Rg1 Rf7 27. Rg4 Qf6 28. Qxf6 Rxf6 29. Rag1 Rf7 30. h4 Re8
31. Rg6 Rc8 32. h5 Rcc7 33. h6 Kh7 34. hxg7 Rxg7 35. Rxg7+ Rxg7 36. Rxg7+ Kxg7 37. Kg3 Kg6 38. Kg4 Kf6 39. f5 Kf7 40. Kg5 d4
41. exd4 e3 42. d5 cxd5
0-1

[Event "AGAG   III"]
[Site "SchemingMind.com"]
[Date "2020.02.28"]
[Round "-"]
[White "splinter"]
[Black "Steven DuCharme"]
[Result "1/2-1/2"]
[WhiteCountry "CAN"]
[BlackCountry "USA"]
[WhiteElo "1846"]
[WhiteRD "71"]
[BlackElo "1569"]
[BlackRD "54"]
[GameID "451787"]

1. b3 c5 2. Bb2 d5 3. f4 Nc6 4. Nf3 Nf6 5. g3 g6 6. Bg2 Bg7 7. O-O O-O 8. d3 Bg4 9. h3 Bxf3 10. Bxf3 Nd4
11. Bxd4 cxd4 12. Nd2 h5 13. Rf2 Rc8 14. Nf1 Qc7 15. Bg2 Qxc2 16. Qxc2 Rxc2 17. Bf3 Rfc8 18. g4 Rc1 19. Rxc1 Rxc1 20. g5 Nd7
21. Bxd5 b6 22. b4 e6 23. Bb3 b5 24. Kg2 Bf8 25. e3 Bxb4 26. exd4 Bc3 27. Rc2 Rxc2+ 28. Bxc2 Bxd4 29. Nd2 Be3 30. Ne4 Nc5
31. Nxc5 Bxc5 32. Kf3 a5 33. Ke4 b4 34. Bb3 Kf8 35. d4 Bd6 36. d5 Ke7 37. dxe6 fxe6 38. Bc4 a4 39. Bb5 b3 40. Bc4 b2
41. Bd3 a3 42. Bc2 Bb4 43. Kd4 Bd2 44. Ke5 Kf7 45. Ke4 Ke7=
1/2-1/2

[Event "AGAG   III"]
[Site "SchemingMind.com"]
[Date "2020.02.28"]
[Round "-"]
[White "Steven DuCharme"]
[Black "Sergio"]
[Result "1-0"]
[WhiteCountry "USA"]
[BlackCountry "RUS"]
[WhiteElo "1569"]
[WhiteRD "54"]
[BlackElo "1016"]
[BlackRD "135"]
[GameID "451788"]

1. b3 e5 2. g3 d5 3. Bb2 f6 4. Bg2 Be6 5. Nf3 Nc6 6. O-O Qd7 7. d3 O-O-O 8. Nbd2 Bh3 9. a3 h5 10. e4 Bxg2
11. Kxg2 h4 12. Ng1 hxg3 13. fxg3 dxe4 14. Nxe4 f5 15. Ng5 Be7 16. Nf7
1-0

[Event "AGAG   III"]
[Site "SchemingMind.com"]
[Date "2020.02.28"]
[Round "-"]
[White "Sergio"]
[Black "Steven DuCharme"]
[Result "0-1"]
[WhiteCountry "RUS"]
[BlackCountry "USA"]
[WhiteElo "1016"]
[WhiteRD "135"]
[BlackElo "1569"]
[BlackRD "54"]
[GameID "451789"]

1. b3 a6 2. Bb2 b5 3. e3 Bb7 4. d4 e6 5. Nf3 d6 6. c4 bxc4 7. Bxc4 d5 8. Bd3 Bb4+ 9. Nc3 Ne7 10. O-O Bxc3
11. Bxc3 Nd7 12. Qd2 O-O 13. Rfc1 c5 14. dxc5 Nxc5 15. Ba5 Qd6 16. Bb4 Rfc8
0-1

[Event "AGAG   III"]
[Site "SchemingMind.com"]
[Date "2020.02.29"]
[Round "-"]
[White "Steven DuCharme"]
[Black "Siets"]
[Result "0-1"]
[WhiteCountry "USA"]
[BlackCountry "NED"]
[WhiteElo "1591"]
[WhiteRD "56"]
[BlackElo "1838"]
[BlackRD "114"]
[GameID "451790"]

1. b3 d5 2. Nf3 f5 3. Bb2 Nc6 4. g3 e6 5. Bg2 Nf6 6. O-O a5 7. a4 Bd6 8. d3 e5 9. Nbd2 f4 10. Re1 h6
11. e3 fxg3 12. hxg3 Bg4 13. Qc1 Qd7 14. c4 Qe6 15. cxd5 Nxd5 16. Nh2 Bh5 17. Bxd5 Qxd5 18. Qc4 Qxc4 19. Nxc4 O-O-O 20. Nxd6+ Rxd6
21. g4 Bf7 22. d4 exd4 23. exd4 Bd5 24. Re3 g5 25. Ba3 Rd7 26. Rae1 Bf7 27. Nf1 Rxd4 28. Bb2 Rxg4+ 29. Ng3 Rd8 30. Kf1 h5
31. Rf3 Bg6 32. Rc1 Nb4 33. Ba3 h4 34. Ne2 Be4 35. Rf7 Bg2+
0-1

[Event "AGAG   III"]
[Site "SchemingMind.com"]
[Date "2020.02.28"]
[Round "-"]
[White "Siets"]
[Black "Steven DuCharme"]
[Result "1-0"]
[WhiteCountry "NED"]
[BlackCountry "USA"]
[WhiteElo "1838"]
[WhiteRD "114"]
[BlackElo "1591"]
[BlackRD "56"]
[GameID "451791"]

1. b3 e5 2. Bb2 d6 3. e4 Nf6 4. d3 Be7 5. Nc3 O-O 6. h3 b6 7. Be2 Bb7 8. Bg4 Nxg4 9. hxg4 Nd7 10. Qf3 Bf6
11. Qh3 h6 12. Nf3 Bg5 13. Ne2 f6 14. Ng3 a5 15. Nf5 Qe8 16. Nxg5 fxg5 17. O-O-O Rf6 18. Kb1 Qf8 19. Bc1 Bc8 20. f3 Nc5
21. Ne3 c6 22. Nc4 Rg6 23. d4 b5 24. Nb6 Ra6 25. Nxc8 Qxc8 26. dxc5 dxc5 27. Rd2 b4 28. Qh2 a4 29. Qxe5 axb3 30. cxb3 Qf8
31. Rhd1 Kh7 32. Rd8 Qf7 33. R1d7
1-0

[Event "AGAG   III"]
[Site "SchemingMind.com"]
[Date "2020.02.29"]
[Round "-"]
[White "Geoffrey Rosser"]
[Black "Phillip Beckett"]
[Result "1-0"]
[WhiteCountry "ENG"]
[BlackCountry "ENG"]
[WhiteElo "1967"]
[WhiteRD "63"]
[BlackElo "1517"]
[BlackRD "50"]
[GameID "451792"]

1. b3 b6 2. Nf3 Bb7 3. e3 e6 4. Bb2 f5 5. d4 Nf6 6. Nbd2 Be7 7. Bd3 O-O 8. O-O Ne4 9. Be2 d5 10. Nxe4 fxe4
11. Ne5 c5 12. dxc5 bxc5 13. Bg4 Bc8 14. c4 Bf6 15. cxd5 exd5 16. Bxc8 Qxc8 17. Qxd5+ Kh8 18. Qxa8
1-0

[Event "AGAG   III"]
[Site "SchemingMind.com"]
[Date "2020.02.29"]
[Round "-"]
[White "Phillip Beckett"]
[Black "Geoffrey Rosser"]
[Result "0-1"]
[WhiteCountry "ENG"]
[BlackCountry "ENG"]
[WhiteElo "1517"]
[WhiteRD "50"]
[BlackElo "1967"]
[BlackRD "63"]
[GameID "451793"]

1. b3 e5 2. Bb2 d6 3. e3 Nf6 4. Be2 Bf5 5. f4 Nc6 6. fxe5 Nxe5 7. Nc3 Be7 8. Nf3 Nxf3+ 9. Bxf3 c6 10. O-O O-O
11. d3 Qb6 12. Qe2 Bg6 13. Kh1 d5 14. Na4 Qc7 15. Rae1 b5 16. Nc3 Bd6 17. e4 Bxh2 18. exd5 Bg3 19. Rd1 Qf4 20. Be4 Qh4+
21. Kg1 Qh2#
0-1

[Event "AGAG   III"]
[Site "SchemingMind.com"]
[Date "2020.02.29"]
[Round "-"]
[White "Geoffrey Rosser"]
[Black "pmdpsp"]
[Result "1-0"]
[WhiteCountry "ENG"]
[BlackCountry "GER"]
[WhiteElo "1967"]
[WhiteRD "63"]
[BlackElo "1790"]
[BlackRD "78"]
[GameID "451794"]

1. b3 e5 2. Bb2 Nc6 3. Nf3 Bc5 4. e3 d6 5. Be2 Be6 6. d4 exd4 7. exd4 Bxd4 8. Nxd4 Qf6 9. O-O Nge7 10. Na3 Qg5
11. Nxe6 fxe6 12. Nb5 O-O-O 13. Nd4 Nxd4 14. Bxd4 Kb8 15. Be3 Qf6 16. a4 Nd5 17. Bd4 Qe7 18. Qd2 c5 19. Bb2 Nc7 20. b4 cxb4
21. Qxb4 Nd5 22. Qd4 Rhg8 23. Bf3 Nb6 24. a5 e5 25. Qe4 d5 26. Qxe5+ Qxe5 27. Bxe5+ Kc8 28. axb6
1-0

[Event "AGAG   III"]
[Site "SchemingMind.com"]
[Date "2020.02.29"]
[Round "-"]
[White "pmdpsp"]
[Black "Geoffrey Rosser"]
[Result "0-1"]
[WhiteCountry "GER"]
[BlackCountry "ENG"]
[WhiteElo "1790"]
[WhiteRD "78"]
[BlackElo "1967"]
[BlackRD "63"]
[GameID "451795"]

1. b3 e5 2. Bb2 Nc6 3. Nf3 e4 4. Nd4 Nxd4 5. Bxd4 Nf6 6. e3 d5 7. Bb2 Bc5 8. Nc3 O-O 9. Be2 c6 10. Na4 Be7
11. d3 exd3 12. cxd3 Bb4+ 13. Bc3 Bxc3+ 14. Nxc3 d4 15. exd4 Qxd4 16. Qd2 Ng4 17. Bxg4 Bxg4 18. O-O Rad8 19. h3 Bf5 20. Ne2 Qxd3
21. Qf4 Bxh3 22. Ng3 Be6 23. Rad1 Qa6 24. Rxd8 Rxd8 25. Ra1 Bxb3
0-1

[Event "AGAG   III"]
[Site "SchemingMind.com"]
[Date "2020.02.29"]
[Round "-"]
[White "Geoffrey Rosser"]
[Black "JAHI"]
[Result "0-1"]
[WhiteCountry "ENG"]
[BlackCountry "INT"]
[WhiteElo "1912"]
[WhiteRD "59"]
[BlackElo "1992"]
[BlackRD "69"]
[GameID "451798"]

1. b3 e6 2. Nf3 a6 3. Bb2 a5 4. Nc3 Na6 5. d4 Bb4 6. e4 d6 7. Bd3 Bd7 8. O-O Bxc3 9. Bxc3 b6 10. Qe2 Qc8
11. e5 h6 12. exd6 cxd6 13. Bb2 h5 14. Ba3 Nb4 15. Bb5 h4 16. Bxb4 axb4 17. Ng5 Nf6 18. Nxe6 fxe6 19. Qxe6+ Kd8 20. Qxd6 Qc7
21. Qxb4 Ng4 22. f4 h3 23. gxh3 Ne3 24. Rae1 Bxb5 25. Rf2 Nxc2 26. Qxb5 Ra5
0-1

[Event "AGAG   III"]
[Site "SchemingMind.com"]
[Date "2020.02.28"]
[Round "-"]
[White "JAHI"]
[Black "Geoffrey Rosser"]
[Result "1-0"]
[WhiteCountry "INT"]
[BlackCountry "ENG"]
[WhiteElo "1992"]
[WhiteRD "69"]
[BlackElo "1912"]
[BlackRD "59"]
[GameID "451799"]

1. b3 e5 2. e3 Nf6 3. Bb2 Nc6 4. a3 d5 5. Bb5 Bd6 6. a4 O-O 7. Bxc6 bxc6 8. h3 c5 9. h4 d4 10. Ne2 Bb7
11. Kf1 dxe3 12. dxe3 Ng4 13. h5 Qf6 14. Nf4 Qf5 15. Qd3 Be4 16. Qc3 Nh6 17. Nd2 Bb7 18. Nd3 Ng4 19. Re1 Qg5 20. e4 Rfe8
21. Kg1 Re6 22. Ba3 c4 23. Nxc4 Bxa3 24. Nxa3 Rc6 25. Nc4 Re8 26. f3 Ne3 27. Qd2 Qxg2+ 28. Qxg2 Nxg2 29. Kxg2 f6 30. h6 Ba6
31. Nb4 Rce6 32. Ne3 Bc8 33. Nf5 Kf7 34. hxg7 Kg8 35. Nd5
1-0

[Event "AGAG   III"]
[Site "SchemingMind.com"]
[Date "2020.02.29"]
[Round "-"]
[White "Geoffrey Rosser"]
[Black "Raymond de Kemp"]
[Result "1-0"]
[WhiteCountry "ENG"]
[BlackCountry "NED"]
[WhiteElo "1949"]
[WhiteRD "61"]
[BlackElo "1855"]
[BlackRD "68"]
[GameID "451800"]

1. b3 e5 2. Bb2 Nc6 3. e4 Bc5 4. Nf3 d6 5. Be2 Nf6 6. Rg1 Ng4 7. Rf1 h5 8. h3 Nf6 9. d4 exd4 10. Nxd4 Nxe4
11. Nxc6 Bxf2+ 12. Rxf2 Qh4 13. Qd4 f5 14. Nd2 Qxf2+ 15. Qxf2 Nxf2 16. Kxf2 bxc6 17. Re1 Kd8 18. Bxg7 Rg8 19. Bf6+ Kd7 20. Bxh5 c5
21. Re7+ Kc6 22. Bf3+ d5 23. Be5 Bd7 24. Nc4
1-0

[Event "AGAG   III"]
[Site "SchemingMind.com"]
[Date "2020.03.04"]
[Round "-"]
[White "Raymond de Kemp"]
[Black "Geoffrey Rosser"]
[Result "1-0"]
[WhiteCountry "NED"]
[BlackCountry "ENG"]
[WhiteElo "1871"]
[WhiteRD "66"]
[BlackElo "1912"]
[BlackRD "59"]
[GameID "451801"]

1. b3 e5 2. Bb2 Nc6 3. e3 d6 4. Nf3 Bd7 5. h4 Be7 6. g3 Bf6 7. Nc3 Bg4 8. Be2 Nge7 9. d4 exd4 10. Nxd4 Bd7
11. Ne4 Bxd4 12. exd4 Nf5 13. d5 Ne5 14. Qd2 O-O 15. f4 Ng6 16. h5 Nge7 17. g4 Nh6 18. f5 Nhxf5 19. gxf5 Nxf5 20. O-O-O Re8
21. Bd3 Rxe4 22. Bxe4 Ng3 23. Rhg1 Nxe4 24. Rxg7+ Kf8 25. Qh6 Ke7 26. Re1 Bf5 27. Qg5+
1-0

[Event "AGAG   III"]
[Site "SchemingMind.com"]
[Date "2020.03.01"]
[Round "-"]
[White "Geoffrey Rosser"]
[Black "splinter"]
[Result "1-0"]
[WhiteCountry "ENG"]
[BlackCountry "CAN"]
[WhiteElo "1949"]
[WhiteRD "61"]
[BlackElo "1830"]
[BlackRD "71"]
[GameID "451802"]

1. b3 d5 2. Bb2 Nc6 3. Nf3 Nf6 4. e3 Bf5 5. d3 e6 6. Nbd2 Be7 7. Be2 h6 8. O-O Qd7 9. Nd4 Nxd4 10. Bxd4 Bd6
11. c4 c5 12. Bb2 e5 13. cxd5 h5 14. Nc4 e4 15. dxe4 Bxe4 16. f3 Bxd5 17. Nxd6+ Qxd6 18. e4 Ng4 19. fxg4 hxg4 20. g3 Qh6
21. Rf2 Bxe4 22. Bxg4 f5 23. Bf3 Rd8 24. Qe2 Rd2 25. Qxd2 Qxd2 26. Rxd2 Bxf3 27. Re1+ Kf7 28. Rd7+ Kg6 29. Rxg7+ Kh6 30. Re6+ Kh5
31. h4
1-0

[Event "AGAG   III"]
[Site "SchemingMind.com"]
[Date "2020.03.01"]
[Round "-"]
[White "splinter"]
[Black "Geoffrey Rosser"]
[Result "1/2-1/2"]
[WhiteCountry "CAN"]
[BlackCountry "ENG"]
[WhiteElo "1850"]
[WhiteRD "71"]
[BlackElo "1907"]
[BlackRD "60"]
[GameID "451803"]

1. b3 Nf6 2. Bb2 Nc6 3. Nf3 e6 4. Nc3 d5 5. d4 Bb4 6. a3 Be7 7. g3 O-O 8. Bg2 Nb8 9. O-O c5 10. dxc5 Bxc5
11. e3 Nbd7 12. Ne2 b5 13. h4 Ng4 14. Nf4 Ndf6 15. Nh2 Nxh2 16. Kxh2 Ba6 17. b4 Bd6 18. Nh5 Nxh5 19. Qxh5 Rc8 20. Rac1 Be7
21. e4 Bb7 22. exd5 exd5 23. Rfd1 Rc4 24. Bf1 Bf6 25. Bxc4 Bxb2 26. Bxd5 Bxd5 27. Rxd5 Qf6 28. Rf1 a6 29. Rd3 g6 30. Qe2 Be5
31. f4 Bb8 32. Rd7 Kg7 33. Qe3 h6 34. Rfd1 Qb2 35. Qd4+ Qxd4 36. R1xd4 Re8 37. Rb7 g5 38. Rdd7 Rf8 39. hxg5 hxg5 40. fxg5 Kg6
41. Rxb8 Rxb8 42. Rd6+ Kxg5 43. Rxa6 Rc8 44. Rb6 Kg4 45. Rxb5 Rxc2+ 46. Kg1 Rc3 47. a4 f5 48. Rb8 Rxg3+ 49. Kf2 Ra3 50. Rg8+ Kf4
51. a5 Ra2+ 52. Ke1 Ke3 53. Rg3+ Ke4 54. Rb3 f4 55. b5 Rxa5 56. b6 Ra1+ 57. Kf2 Ra2+ 58. Ke1 Ra1+=
1/2-1/2

[Event "AGAG   III"]
[Site "SchemingMind.com"]
[Date "2020.03.01"]
[Round "-"]
[White "Geoffrey Rosser"]
[Black "Sergio"]
[Result "1-0"]
[WhiteCountry "ENG"]
[BlackCountry "RUS"]
[WhiteElo "1912"]
[WhiteRD "59"]
[BlackElo "1016"]
[BlackRD "135"]
[GameID "451804"]

1. b3 e5 2. e4 Nf6 3. Nc3 Bc5 4. Bb2 O-O 5. Nf3 Ng4 6. d4 exd4 7. Nxd4 Qh4 8. g3 Qf6 9. Nf3 Nxf2 10. Na4 Qh6
11. Qe2 Be3 12. Bc1 Bxc1 13. Kxf2 Nc6 14. a3 d6 15. Bg2
1-0

[Event "AGAG   III"]
[Site "SchemingMind.com"]
[Date "2020.03.02"]
[Round "-"]
[White "Sergio"]
[Black "Geoffrey Rosser"]
[Result "0-1"]
[WhiteCountry "RUS"]
[BlackCountry "ENG"]
[WhiteElo "1016"]
[WhiteRD "135"]
[BlackElo "1912"]
[BlackRD "59"]
[GameID "451805"]

1. b3 d5 2. Nf3 Nc6 3. Bb2 Bf5 4. e3 Nf6 5. Bb5 Bg4 6. Bxc6+ bxc6 7. h3 Bxf3 8. Qxf3 e6 9. c4 Be7 10. O-O O-O
11. d3 c5 12. cxd5 Nxd5 13. Rd1 Bf6 14. Bxf6 Qxf6 15. Qxf6 Nxf6
0-1

[Event "AGAG   III"]
[Site "SchemingMind.com"]
[Date "2020.03.02"]
[Round "-"]
[White "Geoffrey Rosser"]
[Black "Siets"]
[Result "1-0"]
[WhiteCountry "ENG"]
[BlackCountry "NED"]
[WhiteElo "1949"]
[WhiteRD "61"]
[BlackElo "1775"]
[BlackRD "89"]
[GameID "451806"]

1. b3 c5 2. Bb2 Nc6 3. Nf3 d6 4. e4 a6 5. Be2 e5 6. O-O Nf6 7. d3 g6 8. Na3 b5 9. c3 Bh6 10. Nc2 Be6
11. d4 Nxe4 12. d5 Ne7 13. dxe6 fxe6 14. c4 Nf5 15. cxb5 axb5 16. Bxb5+ Ke7 17. Bc6 Nf6 18. Bxa8 Qxa8 19. a4 Qe4 20. Re1 Qf4
21. h3 Nh4 22. Bc1 Nxf3+ 23. Qxf3 Qh4 24. Bxh6 Qxh6 25. Qb7+ Nd7 26. a5 Rb8 27. Qf3 Qd2 28. Na3 Rf8 29. Nc4 Qd4 30. Qe3 Qh4
31. a6
1-0

[Event "AGAG   III"]
[Site "SchemingMind.com"]
[Date "2020.03.02"]
[Round "-"]
[White "Siets"]
[Black "Geoffrey Rosser"]
[Result "0-1"]
[WhiteCountry "NED"]
[BlackCountry "ENG"]
[WhiteElo "1775"]
[WhiteRD "89"]
[BlackElo "1949"]
[BlackRD "61"]
[GameID "451807"]

1. b3 d5 2. Bb2 Bf5 3. e3 Nc6 4. d3 e5 5. a3 Bc5 6. h3 Nf6 7. Qf3 Bg6 8. h4 Bh5 9. Qg3 Qe7 10. Nd2 O-O-O
11. b4 Bd6 12. e4 Nd4 13. Rc1 Ng4 14. Qh3 Kb8 15. Ne2 f5 16. Ng3 Nf6 17. c3 Bg4 18. Qh2 fxe4 19. dxe4 Nc6 20. f3 Bd7
21. Bd3 Qf7 22. exd5 Ne7 23. c4 Ng6 24. O-O Nf4 25. Be4 N6h5 26. Rf2 Nxg3 27. Qxg3 Nh5 28. Qg5 Be7 29. Qxe5 Bf6 30. Qh2 Bxb2
31. Re1 Bd4
0-1

[Event "AGAG   III"]
[Site "SchemingMind.com"]
[Date "2020.02.28"]
[Round "-"]
[White "Phillip Beckett"]
[Black "pmdpsp"]
[Result "1/2-1/2"]
[WhiteCountry "ENG"]
[BlackCountry "GER"]
[WhiteElo "1517"]
[WhiteRD "50"]
[BlackElo "1790"]
[BlackRD "78"]
[GameID "451808"]

1. b3 e5 2. Bb2 Nc6 3. e3 Nf6 4. Bb5 d6 5. Nc3 Bd7 6. Nge2 Be7 7. O-O a6 8. Bd3 O-O 9. f4 Nb4 10. fxe5 dxe5
11. Ng3 Nxd3 12. cxd3 Bg4 13. Qc2 Nh5 14. Nxh5 Bxh5 15. Ne4 f6 16. Ng3 Bg6 17. e4 Rc8 18. Qc4+ Bf7 19. Qc3 Qd7 20. Rac1 Rfd8
21. Rf3 Qb5 22. Nf5 Bf8 23. Rg3 Kh8 24. d4 exd4 25. Nxd4 Qd7 26. Nf3 b6 27. d4 Qe8 28. e5 Be7 29. exf6 Bxf6 30. Ne5 Rd5
31. Nxf7+ Qxf7 32. Qc4 Qd7 33. Qc6 Qxc6 34. Rxc6 Bxd4+ 35. Bxd4 Rxd4 36. Rgc3 Rd7 37. Rxb6 Rd1+ 38. Kf2 Rd2+ 39. Kg3 Rxa2 40. Rxc7 Rf8
41. Ra7 a5 42. Rba6 Ra3 43. Rb7 a4 44. Rxa4 Rxa4 45. bxa4 Ra8 46. Rb4 Kg8 47. Kf4 Kf8 48. g4 Kf7 49. h4 Ra7 50. g5 g6
51. Re4 Ra5 52. Rb4 Ke6 53. Re4+ Kf7 54. Rb4=
1/2-1/2